Statistics for gems(duh)

Click here to take the quiz!

General Stats

  • This quiz has been taken 20 times
  • The average score is 6 of 8

Answer Stats

Answer% Correct
emerald
94%
ruby
94%
diamond
88%
amethyst
76%
rose quartz
65%
jade
53%
lapis lazuli
53%
saphire
53%

Score Distribution

Percentile by Number Answered

Percent of People with Each Score

Your Score History

You have not taken this quiz